| 000 | 00403nam a2200133Ia 4500 | ||
|---|---|---|---|
| 008 | 151021s9999 xx 000 0 und d | ||
| 020 | _a9.7803853402e+012 | ||
| 050 | _aPS 3569 .T33828H66 2008 | ||
| 245 | _a_Honor Thyself/ Danielle Steel | ||
| 260 | _aNew York: Delecarte, 2008 | ||
| 300 | _a323 p. | ||
| 650 | _aMotion pictures Actors and Actresses -Fiction | ||
| 980 | _a^d20130429 01:29:15^oanne | ||
| 999 |
_c12944 _d12944 |
||